000 01953cam a22003974i 4500
003 PE-LiUPU
005 20250731175635.0
008 150625s2005 sp a r 000 0 spa d
020 _a9788423992065
035 _a(Sirsi) i9788423992065
040 _aPE-LiUPU
_bspa
_cPE-LiUPU
_erda
049 _aPRUA
082 0 4 _a465
_bS33
_221
100 1 _aSeco Reymundo, Manuel,
_eautor.
245 1 0 _aGramática esencial del español :
_bintroducción al estudio de la lengua /
_cManuel Seco Reymundo.
264 1 _aMadrid :
_bEspasa Calpe,
_c2005.
300 _a418 páginas :
_bilustraciones , ;
_c18 centímetros
336 _atext
_2rdacontent
337 _aunmediated
_2rdamedia
338 _avolume
_2rdacarrier
505 0 _aLenguaje. -El lenguaje y la lengua. -La lengua española. -El pasado del español. -Los sonidos. -De la voz al fonema. -Del fonema a la frase. -Las frases y las palabras. -La oración. -El sujeto. -El predicado. -Las proposiciones. -Coordinación de palabras y de oraciones. -Las palabras: los sustantivos y sus adjuntos. -Las palabras: El verbo y el adverbio. -Las palabras: Enlaces interjecciones. -Estructuras de las palabras. -Vida de las palabras. -El hablante ante la lengua.
526 _aP145
526 _aP127
526 _aP97
526 _aP35
526 _aP14
526 _aP07
541 _g001-0029255;
650 0 4 _aEspañol
_xGramática.
910 _bjv
_cng
_d20081217
942 _2ddc
_cBOOK
949 _a465 S33
_wDEWEY
_c1
_i59160
_d2016-10-24
_e2016-10-21
_lCCODEBUL1
_mBUL
_n1
_p31.00
_r0
_sY
_tBOOK
_u2015-6-25
_xEDUCACION
_PP20
_0COMPRA
_o.STAFF. Colección General
994 _aC0
_bPEPRU
596 _a1
999 _a465 S33
_wDEWEY
_c47974
_i59160
_d47974
_e2016-10-21
_f2021-11-8
_g5
_lCCODEBUL1
_mBUL
_n1
_p31.00
_q3
_r0
_sY
_tBOOK
_u2015-6-25
_xEDUCACION
_PP20
_0COMPRA
_o.STAFF. Colección General
980 _81
_gALBERTO SANCHEZ Responsable de Automatización